Ako postupuje podnikateľ (platiteľ DPH) pri predaji tovaru odberateľovi z iného členského štátu EÚ

Vysvetlenie, kedy je podnikateľ povinný zdaniť predaj tovaru odberateľovi z členského štátu EÚ daňou z pridanej hodnoty a naopak, kedy má možnosť oslobodiť predaj tovaru od dane.

Guardado en:
Detalles Bibliográficos
Autor principal: Kuceková, Milada
Formato: Capítulo de libro
Lenguaje:eslovaco
Materias:
Etiquetas: Agregar Etiqueta
Sin Etiquetas, Sea el primero en etiquetar este registro!

MARC

LEADER 00000nla a2200000 4500
001 0206815
005 20240502073431.7
041 0 |a slo 
044 |a SK 
245 1 0 |a Ako postupuje podnikateľ (platiteľ DPH) pri predaji tovaru odberateľovi z iného členského štátu EÚ  |c Milada Kuceková 
520 |a Vysvetlenie, kedy je podnikateľ povinný zdaniť predaj tovaru odberateľovi z členského štátu EÚ daňou z pridanej hodnoty a naopak, kedy má možnosť oslobodiť predaj tovaru od dane. 
610 2 0 |a dane 
610 2 0 |a dane z hodnoty pridanej 
610 2 0 |a obchod zahraničný 
610 2 0 |a podnikatelia 
610 2 0 |a predaj 
610 2 0 |a Európska únia 
610 2 0 |a Slovensko 
100 1 |a Kuceková, Milada